Chansons de Chanteuses - Statistiques

Statistiques générales
  • Ce quiz a été pris 431 fois
  • Le résultat moyen est 20 sur 50
Statistiques - réponses
Hint Réponse % Correct
Waka Waka Shakira
91%
Chandelier Sia
86%
J'irais où tu Iras Céline Dion
84%
All A want for Christmas is you Mariah Carey
84%
Rolling in the Deep Adele
83%
Toxic Britney Spears
81%
Bad Guy Billie Eillish
79%
Senorita Camila Cabello
68%
Girl on Fire Alicia Keys
67%
Levitating Dua Lipa
63%
Starships Nicky Minaj
63%
Sweet but Psycho Ava Max
59%
Ain't your Mama Jennifer Lopez
59%
Vampire Olivia Rodrigo
53%
Wap Cardi B
48%
Break Free Ariana Grande
47%
Paint the Town Red Doja Cat
47%
So What Pink
45%
Love you Like a Love Song Selena Gomez
45%
Hung Up Madonna
44%
Domino Jessie J
42%
Break the Rules Charli XCX
41%
This is What you Came for Rihanna
38%
Don't Blame Me Taylor Swift
38%
Nothing Breaks Like a Heart Miley Cirus
36%
In The Name of Love Bebe Rexha
34%
Stronger Kelly Clarkson
32%
Runaway Aurora
29%
Black Widow Iggy Azalea
29%
Cups Anna Kendrick
27%
Me Too Meghan Trainor
27%
Confident Demi Lovato
26%
Stupid Love Lady Gaga
26%
Dollhouse Melanie Martinez
25%
Lights Ellie Goulding
24%
Boyfriend Dove Cameron
23%
Without Me Halsey
23%
Thumbs Sabrina Carpenter
21%
Sweet Dreams Beyonce
20%
Reckless Madison Beer
15%
Before he Cheats Carrie Underwood
14%
Boomerang Jojo Siwa
13%
Fight Song Rachel Platten
13%
Higher Love Whitney Houston
13%
Oh No! Marina
12%
Deli Ice Spice
11%
Fighter Christina Aguilera
10%
Let You Love Me Rita Ora
9%
365 Katy Perry
8%
Tea Party Kerli
4%
Aucun quiz correspondant
Distribution des résultats
% des personnes avec chaque résultat
Percentile par nombre de réponses
Votre historique - résultats
Vous n’avez pas pris ce quiz